Statistics for 15 Richest Countries In The World (As of 2015)

Click here to take the quiz!

General Stats

  • This quiz has been taken 97 times
  • The average score is 9 of 15

Answer Stats

#Answer% Correct
9United States
97%
1Qatar
75%
10Switzerland
70%
5Kuwait
66%
11Saudi Arabia
66%
15Australia
65%
6Norway
64%
3Singapore
62%
2Luxembourg
60%
7United Arab Emirates
60%
12Bahrain
54%
13Netherlands
49%
8Hong Kong
36%
14Ireland
33%
4Brunei Darussalam
21%

Score Distribution

Percentile by Number Answered

Percent of People with Each Score

Your Score History

You have not taken this quiz